| 000 | 00326nam a22001217a 4500 | ||
|---|---|---|---|
| 008 | 180426b xxu||||| |||| 00| 0 eng d | ||
| 041 | _aeng | ||
| 080 | _a043.3 | ||
| 100 | _a0 | ||
| 101 | _aSHKI-BTH | ||
| 245 |
_aSistemi për menaxhimin e Bibliotekës i bazuar në UEB-ASP.NET dhe Oracle Database _cGashi,K |
||
| 942 |
_2udc _cBK |
||
| 999 |
_c45604 _d45604 |
||